000 00767nam a2200241Ia 4500
003 OSt
005 20220926010526.0
006 a|||||r|||| 00| 0
007 ta
008 220923b |||||||| |||| 00| 0 eng d
020 _a9789380403038
_c505.75
037 _b93, 11/07/2013, Bharatiya Sahitya Bhavana
_cGeneral Book
040 _aRTL
_cRTL
_beng
041 _2eng
_aeng
082 _aV49G.P, Q1
100 _aTALBOT Cynthia
_9307620
245 0 _aKnowing India
_bColonial and modern constructions of the past.
260 _a New Delhi
_bYoda Press
_c2011
300 _axii,409p.
_ccm.
650 _aSociology
942 _hV49G.P, Q1
_cGB
_2CC
999 _c617527
_d617527